Jedzenie według krajów - MindSprint - Statystyki

Ogólne statystyki
  • Ten quiz został rozwiązany 24 razy
  • Średni wynik to 10 z 21
Statystyki odpowiedzi
Jedzenie Państwo % Poprawnych
Croissant Austria
100%
Paella Hiszpania
100%
Sushi Japonia
100%
Bratwurst Niemcy
100%
Lazania Włochy
100%
Gyros Grecja
87%
Taco Meksyk
87%
Gulasz Węgry
87%
Pączki Polska
73%
Kimchi Korea
47%
Phở Wietnam
40%
Dim Sum Chiny
27%
Vegemite Australia
20%
Strudel z jabłkami Austria
20%
Poutine Kanada
20%
Kurczak tandoori Indie
13%
Haggis Szkocja
13%
Shepherd's Pie Anglia
7%
Chowder z mięczaków Stany Zjednoczone
7%
Biltong Republika Południowej Afryki
0%
Pupusa Salwador
0%
Nie znaleziono quizów pasujących do podanych kryteriów
Rozkład punktacji
Procent ludzi z każdym wynikiem
Percentyl według liczby udzielonych odpowiedzi
Twoja historia wyników
Nie rozwiązałeś tego quizu